| 000 | 00410nam a2200169Ia 4500 | ||
|---|---|---|---|
| 008 | 221030s9999 xx 000 0 und d | ||
| 020 | _a8185749469 | ||
| 041 | _aEnglish | ||
| 082 | _a105.23 | ||
| 100 | _aD. S. Kumar | ||
| 245 | 0 |
_aThermal Science & Engineering _cby D. S. Kumar |
|
| 250 | _a4th | ||
| 260 |
_bS. K. Kataria & Sons _aNew Delhi _c2010 |
||
| 300 | _a763 | ||
| 650 | _aMechanical | ||
| 942 | _cBK | ||
| 999 |
_c8969 _d8969 |
||